|
|
|
|
| LEADER |
00849pam a22002298a 4500 |
| 001 |
00016956 |
| 005 |
20171026081022.0 |
| 008 |
110415s2000 ||||||Viesd |
| 041 |
0 |
# |
|a Vie
|
| 082 |
1 |
4 |
|a 512.94
|b PH561TR
|
| 100 |
0 |
# |
|a Vũ Hữu Bình
|
| 245 |
0 |
0 |
|a Phương trình và bài toán với nghiệm nguyên
|b ( Dùng cho học sinh lớp 7,8,9 )
|c Vũ Hữu Bình
|
| 260 |
# |
# |
|a H.
|b Giáo dục
|c 2000
|
| 300 |
# |
# |
|a 167 tr.
|c 21 cm.
|
| 653 |
# |
# |
|a Nghiệm nguyên
|
| 653 |
# |
# |
|a Toán
|
| 653 |
# |
# |
|a Phương trình
|
| 852 |
# |
# |
|b Kho mượn
|j KM.0004854, KM.0004855, KM.0004856, KM.0004857
|
| 852 |
# |
# |
|j KM.0004857
|j KM.0004854
|j KM.0004856
|j KD.0002325
|j KM.0004855
|
| 852 |
# |
# |
|b Kho đọc
|j KD.0002325
|
| 910 |
|
|
|d 15/04/2011
|
| 980 |
# |
# |
|a Trung tâm Học liệu Lê Vũ Hùng, Trường Đại học Đồng Tháp
|